<?xml version="1.0" encoding="UTF-8"?><?xml-stylesheet type="text/xsl" href="static/style.xsl"?><OAI-PMH xmlns="http://www.openarchives.org/OAI/2.0/" xmlns:xsi="http://www.w3.org/2001/XMLSchema-instance" xsi:schemaLocation="http://www.openarchives.org/OAI/2.0/ http://www.openarchives.org/OAI/2.0/OAI-PMH.xsd"><responseDate>2026-04-17T12:06:29Z</responseDate><request verb="GetRecord" identifier="oai:riubu.ubu.es:10259/9625" metadataPrefix="marc">https://riubu.ubu.es/oai/request</request><GetRecord><record><header><identifier>oai:riubu.ubu.es:10259/9625</identifier><datestamp>2024-10-22T00:05:16Z</datestamp><setSpec>com_10259_9622</setSpec><setSpec>com_10259_5086</setSpec><setSpec>com_10259_2604</setSpec><setSpec>col_10259_9623</setSpec></header><metadata><record xmlns="http://www.loc.gov/MARC21/slim" xmlns:doc="http://www.lyncode.com/xoai" xmlns:xsi="http://www.w3.org/2001/XMLSchema-instance" xmlns:dcterms="http://purl.org/dc/terms/" xsi:schemaLocation="http://www.loc.gov/MARC21/slim http://www.loc.gov/standards/marcxml/schema/MARC21slim.xsd">
<leader>00925njm 22002777a 4500</leader>
<datafield tag="042" ind1=" " ind2=" ">
<subfield code="a">dc</subfield>
</datafield>
<datafield tag="720" ind1=" " ind2=" ">
<subfield code="a">Caro-Vela, María D.</subfield>
<subfield code="e">author</subfield>
</datafield>
<datafield tag="720" ind1=" " ind2=" ">
<subfield code="a">Ramírez-Hurtado, José M.</subfield>
<subfield code="e">author</subfield>
</datafield>
<datafield tag="720" ind1=" " ind2=" ">
<subfield code="a">Calderón Monge, Esther</subfield>
<subfield code="e">author</subfield>
</datafield>
<datafield tag="260" ind1=" " ind2=" ">
<subfield code="c">2024-09</subfield>
</datafield>
<datafield tag="520" ind1=" " ind2=" ">
<subfield code="a">The geographical location of an establishment is a strategic decision of major importance for companies. In the case of franchising, the peculiarities of the system render this decision of vital importance. The objectives of this work are threefold: a) to identify hotspots of franchise establishments; b) to perform an analysis of the distance between establishments; and c) to specify a weighted geographical regression model to estimate the influence of income, population density, and percentage of commercial area of the municipalities on the number of establishments of the franchises located in the chosen municipalities. To this end, 1,508 establishments belonging to seven franchising chains operating in Spain have been selected. The results show that there is an agglomeration of establishments in various geographical areas. Geographically weighted regression also confirms that the variables analysed constitute good predictors of the number of establishments in each municipality.</subfield>
</datafield>
<datafield tag="024" ind2=" " ind1="8">
<subfield code="a">1554-7191</subfield>
</datafield>
<datafield tag="024" ind2=" " ind1="8">
<subfield code="a">http://hdl.handle.net/10259/9625</subfield>
</datafield>
<datafield tag="024" ind2=" " ind1="8">
<subfield code="a">10.1007/s11365-024-00961-x</subfield>
</datafield>
<datafield tag="024" ind2=" " ind1="8">
<subfield code="a">1555-1938</subfield>
</datafield>
<datafield ind1=" " ind2=" " tag="653">
<subfield code="a">Franchising</subfield>
</datafield>
<datafield ind1=" " ind2=" " tag="653">
<subfield code="a">Location</subfield>
</datafield>
<datafield ind1=" " ind2=" " tag="653">
<subfield code="a">Outlet</subfield>
</datafield>
<datafield ind1=" " ind2=" " tag="653">
<subfield code="a">ArcGis</subfield>
</datafield>
<datafield tag="245" ind1="0" ind2="0">
<subfield code="a">Insights into the localisation of outlets: The franchising chains</subfield>
</datafield>
</record></metadata></record></GetRecord></OAI-PMH>